| 000 | 00910nmc a2200301 a 4500 | ||
|---|---|---|---|
| 003 | AR-BaBNM | ||
| 005 | 20251128203034.0 | ||
| 008 | 166119s1980 ||||||||||||||000 | spa|| | ||
| 040 | _cAR-BaBNM | ||
| 100 | 1 | _aMira y López, Emilio | |
| 245 | 1 | 0 | _aManual de orientación profesional |
| 250 | _a6ª ed. | ||
| 260 |
_aBuenos Aires _bKapelusz _c1980 |
||
| 300 | 1 |
_alxi, 550 p. _btablas |
|
| 490 | 0 | _aUniversitaria. Filosofía y Ciencias Sociales | |
| 504 | _aContiene bibliografía al final de cada capítulo | ||
| 650 | 4 | _aORIENTACION PROFESIONAL | |
| 650 | 4 | _aPERSONAL DE ORIENTACION | |
| 650 | 4 | _aPSICOLOGOS | |
| 650 | 4 | _aTRABAJADORES SOCIALES | |
| 650 | 4 | _aTEORIAS DE LA ORIENTACION | |
| 650 | 4 | _aSERVICIOS DE ORIENTACION | |
| 650 | 4 | _aFUNCIONES DE LA ORIENTACION | |
| 650 | 4 | _aOBJETIVOS DE LA ORIENTACION | |
| 700 | 1 |
_aCalcagno, Alfredo D. _eprologuista |
|
| 942 | _cBK | ||
| 998 | _csilvi | ||
| 999 |
_c1621 _d1621 |
||